[Event "16th Asian Continental w"]
[Site "Chengdu CHN"]
[Date "2017.05.16"]
[Round "5.6"]
[White "Munguntuul,B"]
[Black "Nandhidhaa,P"]
[Result "1-0"]
[WhiteElo "2431"]
[BlackElo "2252"]

1.e4 c5 2.Nf3 e6 3.d4 cxd4 4.Nxd4 a6 5.Nc3 Qc7 6.Be2 Nf6 7.O-O d6 8.a4 b6 9.f4
Bb7 10.Bf3 Nc6 11.Nb3 Be7 12.Be3 O-O 13.Qe1 Rfe8 14.Qg3 Rac8 15.Rad1 Nb4
16.Rd2 Bf8 17.Nd4 Nd7 18.Kh1 g6 19.f5 Bg7 20.fxe6 fxe6 21.Bg4 Nc5 22.Qh3 Qe7
23.Rdf2 h5 24.Be2 Rf8 25.Rxf8+ Rxf8 26.Rxf8+ Kxf8 27.Qg3 e5 28.Nf3 Nxe4
29.Qxg6 Nxc3 30.bxc3 Nd5 31.Bg5 Qd7 32.Bc4 b5 33.axb5 axb5 34.Bb3 Nxc3 35.Bh6
Bxf3 36.Qf6+ Ke8 37.Bxg7 Bxg2+ 38.Kg1 Qa7+ 39.Kxg2 Qb7+ 40.Kh3 Qc8+ 41.Be6
{#r} 1-0

[Event "16th Asian Continental w"]
[Site "Chengdu CHN"]
[Date "2017.05.16"]
[Round "5.7"]
[White "Zhang,Lanlin"]
[Black "Padmini,R"]
[Result "0-1"]
[WhiteElo "2067"]
[BlackElo "2380"]

1.e4 e6 2.d4 d5 3.exd5 exd5 4.Nf3 Nf6 5.Bd3 Bd6 6.O-O O-O 7.h3 Nc6 8.c3 Ne7
9.Qc2 Ng6 10.Bg5 h6 11.Be3 Nf4 12.Bf5 Bxf5 13.Qxf5 Qd7 14.Qxd7 Nxd7 15.Bxf4
Bxf4 16.Nbd2 f6 17.g3 Bd6 18.Nh4 Rfd8 19.f4 Kf7 20.Kf2 c6 21.Rae1 Nb6 22.Re2
Na4 23.Ndf3 b5 24.Rfe1 Re8 25.Rc2 a5 26.Rxe8 Rxe8 27.Nd2 Nb6 28.Ndf3 Bf8
29.Nf5 Nc4 30.b3 Nb6 31.Ne3 c5 32.dxc5 Bxc5 33.Nd4 g6 34.Rd2 b4 35.cxb4 axb4
36.f5 Re4 37.fxg6+ Kxg6 38.Nef5 h5 39.Kg2 Nd7 40.Nh4+ Kf7 41.Ndf3 Ke6 42.Ng6
Be3 43.Re2 Nc5 44.Nd2 Bxd2 45.Rxd2 d4 46.Nf4+ Ke5 47.Rc2 Kd6 48.Rc4 h4 49.Kf3
hxg3 50.Kxg3 f5 51.h4 d3 52.Rxe4 fxe4 53.Kf2 Ke5 54.Ng2 Nd7 55.Ne3 Nf6 56.Ke1
Nd5 57.Nc4+ Kd4 58.h5 e3 59.h6 Nf6 60.Kd1 Nh7 61.Nd6 Ng5 62.Nf5+ Ke4 63.Nh4
e2+ 64.Kd2 Nf3+ 65.Nxf3 Kxf3 66.h7 Kf2 67.h8=Q e1=Q+ 68.Kxd3 Qe2+ 69.Kd4 {#R}
0-1

[Event "16th Asian Continental w"]
[Site "Chengdu CHN"]
[Date "2017.05.16"]
[Round "5.8"]
[White "Tokhirjonova,Gulrukhbegim"]
[Black "Mendoza,Shania Mae"]
[Result "1-0"]
[WhiteElo "2299"]
[BlackElo "2019"]

1.e4 e5 2.Nf3 Nf6 3.Nc3 Nc6 4.d4 Bb4 5.Nxe5 Nxe5 6.dxe5 Nxe4 7.Qg4 Nxc3 8.Qxb4
Nd5 9.Qg4 Kf8 10.Qe4 Ne7 11.Bd3 d5 12.exd6 Qxd6 13.O-O c6 14.Bf4 Qd5 15.Qe2
Be6 16.Rad1 Qc5 17.Be3 Qa5 18.f4 h5 19.b4 Qxb4 20.f5 Bd7 21.Qf2 f6 22.Bc5 Qa5
23.Rfe1 Re8 24.Rxe7 Rxe7 25.Re1 {#r} 1-0

[Event "16th Asian Continental w"]
[Site "Chengdu CHN"]
[Date "2017.05.16"]
[Round "5.9"]
[White "Vaishali,R"]
[Black "Xu,Yuze"]
[Result "1-0"]
[WhiteElo "2272"]
[BlackElo "2040"]

1.e4 c5 2.Nf3 Nc6 3.Bb5 e6 4.O-O Nge7 5.c3 a6 6.Ba4 b5 7.Bc2 d5 8.a4 Bb7 9.Qe2
b4 10.d4 cxd4 11.cxd4 dxe4 12.Bxe4 Nd5 13.Nbd2 Nf6 14.Rd1 Be7 15.Bc2 Nxd4
16.Nxd4 Qxd4 17.Nb3 Qg4 18.f3 Qh5 19.Bf4 Nd5 20.Be5 Qg5 21.Na5 Nf4 22.Bxf4
Qxa5 23.Kh1 Bd5 24.Rxd5 exd5 25.Qe5 f6 26.Qe6 Kf8 27.Re1 Qc5 28.Bb3 Rd8 29.Rc1
Qd4 30.Bc7 Qd2 31.Rd1 Qxb2 32.Bxd8 {#r} 1-0

[Event "16th Asian Continental w"]
[Site "Chengdu CHN"]
[Date "2017.05.16"]
[Round "5.11"]
[White "Ning,Kaiyu"]
[Black "Khademalsharieh,S"]
[Result "0-1"]
[WhiteElo "2134"]
[BlackElo "2450"]

1.d4 Nf6 2.c4 e6 3.Nf3 d5 4.Nc3 Bb4 5.Bg5 dxc4 6.e3 O-O 7.Bxc4 c5 8.O-O cxd4
9.exd4 Bxc3 10.bxc3 Nbd7 11.Bd3 Qc7 12.Qd2 b6 13.Bf4 Qc6 14.Ne5 Nxe5 15.Bxe5
Bb7 16.f3 Ne8 17.Qc2 g6 18.Qb3 Qd7 19.Bb5 Bc6 20.a4 Nd6 21.Rfb1 Rfc8 22.Ba6
Bb7 23.Bb5 Qd8 24.Qa3 Nf5 25.a5 Qg5 26.Qc1 Qe7 27.Qa3 Qd8 28.Bd3 Ne3 29.Re1
Qg5 30.Bg3 Nc4 31.Bxc4 Rxc4 32.Qb2 Rac8 33.axb6 axb6 34.Ra7 Bd5 35.Ra3 h5
36.Re5 Qf6 37.Qxb6 R4c6 38.Qb2 h4 39.Be1 h3 40.Re3 Qf4 41.Qe2 hxg2 42.Kxg2 Rb6
43.Bg3 Qf6 44.Qf2 Qf5 45.Ra1 Rbc6 46.Ra3 Rb6 47.Ra1 Rb3 48.Rc1 Ra8 49.Re5 Qf6
50.Bh4 Qf4 51.Rc2 Ra1 52.Kh3 f6 53.Re3 g5 54.Bg3 Qf5+ 55.Kg2 g4 {#R} 0-1

[Event "16th Asian Continental w"]
[Site "Chengdu CHN"]
[Date "2017.05.16"]
[Round "5.12"]
[White "Nguyen Thi Thanh An"]
[Black "Li Xueyi"]
[Result "1-0"]
[WhiteElo "2280"]
[BlackElo "2161"]

1.d4 d5 2.c4 e6 3.Nf3 c6 4.e3 Nf6 5.Bd3 dxc4 6.Bxc4 Nbd7 7.O-O Bd6 8.Qe2 O-O
9.Bb3 e5 10.Nc3 Qe7 11.h3 e4 12.Nd2 Nb6 13.f3 exf3 14.Qxf3 Be6 15.e4 Bxb3
16.Nxb3 Nfd7 17.Bd2 f6 18.Rae1 a5 19.Nd1 a4 20.Nc1 Nc4 21.Bc3 Bb4 22.Qd3 b5
23.b3 axb3 24.axb3 Bxc3 25.Qxc3 Na5 26.Ne3 g6 27.Ng4 h5 28.Nf2 Kh7 29.Ncd3 Qa3
30.Rb1 Qd6 31.Ra1 b4 32.Nxb4 Rab8 33.Nfd3 Rb5 34.e5 Qe6 35.Rxa5 Rxa5 36.Nf4
Qf5 37.Nxc6 Ra2 38.e6 Rc2 39.Qb4 Nc5 40.dxc5 Qxc5+ 41.Qxc5 Rxc5 42.Nd4 Re5
43.b4 Re4 44.Nfe2 Kg7 45.b5 Rb8 46.Rb1 Rb6 47.Kf2 f5 48.Rd1 Rd6 49.Nxf5+ {#r}
1-0

[Event "16th Asian Continental w"]
[Site "Chengdu CHN"]
[Date "2017.05.16"]
[Round "5.13"]
[White "Geldyeva,M"]
[Black "Swathi,G"]
[Result "1-0"]
[WhiteElo "2169"]
[BlackElo "2280"]

1.d4 Nf6 2.Nf3 b6 3.g3 e6 4.Bg2 Bb7 5.O-O c5 6.c3 Be7 7.Nbd2 O-O 8.Qc2 cxd4
9.Nxd4 Bxg2 10.Kxg2 Qc7 11.e4 Qb7 12.Re1 d6 13.Nf1 Nbd7 14.f3 Rfe8 15.g4 Ne5
16.Ng3 Nfd7 17.Be3 Ng6 18.Rad1 Rad8 19.h3 a6 20.Qc1 Bf8 21.Bg5 Rc8 22.h4 f6
23.h5 fxg5 24.hxg6 h6 25.f4 e5 26.fxe5 Nxe5 27.Qc2 Nxg6 28.Ndf5 d5 29.Qb3 Kh8
30.exd5 Nf4+ 31.Kf1 Rxe1+ 32.Kxe1 g6 33.Ne3 Re8 34.Kd2 Bc5 35.Ngf1 Re5 36.c4
Qe7 37.a3 Re4 38.Nc2 Ng2 39.Kc1 Qf6 40.Qh3 Nf4 41.Qxh6+ Kg8 42.Qh1 Rxc4 43.Qf3
Bd6 44.Kb1 Rc5 45.Nfe3 Be5 46.Qe4 b5 47.Nb4 Bxb2 48.Qe8+ Kg7 49.Rh1 Nh3 50.Nd3
Bxa3 51.Ne5 Rc1+ 52.Rxc1 Bxc1 53.Kxc1 Nf4 54.Kd2 Qd6 55.Qf7+ Kh6 56.Nd3 Qa3
57.Nxf4 Qb4+ 58.Ke2 gxf4 59.Ng2 Qe4+ 60.Kf2 Qd4+ 61.Kf1 Qd3+ 62.Kg1 f3 63.g5+
Kxg5 64.Qf4+ {#r} 1-0

[Event "16th Asian Continental w"]
[Site "Chengdu CHN"]
[Date "2017.05.16"]
[Round "5.14"]
[White "Tan,Li Ting"]
[Black "Luong Phuong Hanh"]
[Result "0-1"]
[WhiteElo "2091"]
[BlackElo "2224"]

1.d4 Nf6 2.c4 g6 3.Nc3 d5 4.cxd5 Nxd5 5.e4 Nxc3 6.bxc3 Bg7 7.Bc4 c5 8.Ne2 Nc6
9.Be3 O-O 10.O-O Na5 11.Bd3 b6 12.Rc1 e5 13.dxc5 Be6 14.c4 Qc7 15.Nc3 bxc5
16.Nd5 Qd6 17.Qa4 Nb7 18.Rb1 Bxd5 19.cxd5 Rfb8 20.Qc6 Qxc6 21.dxc6 Na5 22.c7
Rc8 23.Rb5 c4 24.Rxa5 cxd3 25.Rc5 Bf8 26.Rc6 Bb4 27.Bg5 f5 28.f3 Ba5 29.Bd8
Bb6+ 30.Kh1 Kf7 31.exf5 gxf5 32.g4 f4 33.Rd1 Rxd8 34.cxd8=Q Rxd8 35.Kg2 Be3
36.Rc3 d2 37.Kf1 Rd6 38.h4 Ra6 39.a3 Ke6 40.Ke2 Rb6 41.Rc7 Rb3 42.Rxh7 Rc3
43.g5 Rc1 44.Rxd2 Bxd2 45.Kxd2 Rg1 46.Rxa7 Rg2+ 47.Ke1 Kd5 48.Rd7+ Ke6 49.Ra7
Kf5 50.Ra6 e4 51.Ra5+ Kg6 52.fxe4 Kh5 53.e5 Kxh4 54.e6 f3 55.Re5 Kg3 56.Re3
Rg1+ 57.Kd2 Rg2+ 58.Kd3 Ra2 59.Ke4 Re2 60.e7 Kf2 61.Rxe2+ fxe2 62.Kf5 e1=Q
63.Kf6 Kg3 64.Kf7 Qf2+ 65.Kg7 Qe3 66.Kf6 Kg4 67.g6 Qg5+ 68.Kf7 Qf5+ 69.Kg7 Qe6
70.Kh8 Qxg6 {#R} 0-1

[Event "16th Asian Continental w"]
[Site "Chengdu CHN"]
[Date "2017.05.16"]
[Round "5.19"]
[White "Du,Yuxin"]
[Black "Shamima,A"]
[Result "1-0"]
[WhiteElo "2046"]
[BlackElo "2109"]

1.e4 c5 2.Nf3 e6 3.g3 Nc6 4.Bg2 Nf6 5.Qe2 d5 6.exd5 Nxd5 7.O-O Be7 8.Rd1 Nd4
9.Nxd4 cxd4 10.c4 Nb4 11.d3 O-O 12.a3 Nc6 13.b4 a5 14.b5 Nb8 15.Bb2 Re8 16.Nd2
a4 17.Nf3 Bc5 18.Qe4 f5 19.Qf4 e5 20.Qd2 Nd7 21.Nh4 Nb6 22.Rac1 Rb8 23.Kh1 Be6
24.Qe2 Qd6 25.Nf3 Bf7 26.Ng5 Bg6 27.Qd2 h6 28.Nf3 Bh5 29.Re1 Red8 30.Nh4 Qd7
31.f4 exf4 32.Qxf4 Rf8 33.Nf3 Bg6 34.Ne5 Qd6 35.Nxg6 Qxg6 36.Bxb7 Qf7 37.Bg2
Kh8 38.Qe5 Nd7 39.Qd5 f4 40.Qxf7 Rxf7 41.Bd5 Rf6 42.gxf4 Rxf4 43.Rf1 Rbf8
44.Rxf4 Rxf4 45.Re1 Nf6 46.Bc6 Rf2 47.Bc1 g5 48.Bg2 Rc2 49.Bf3 Kg7 50.Kg1 Bd6
51.b6 Bxh2+ 52.Kh1 Bg3 53.b7 Kf7 54.Rd1 g4 55.Bg2 h5 56.Bg5 Nd7 57.Rf1+ Ke6
58.Bf4 h4 59.Bd5+ Ke7 60.Bxg3 hxg3 61.Rf7+ Ke8 62.Rxd7 {#r} 1-0

[Event "16th Asian Continental w"]
[Site "Chengdu CHN"]
[Date "2017.05.16"]
[Round "5.22"]
[White "Hu,Yu A."]
[Black "Hallaeva,B"]
[Result "1-0"]
[WhiteElo "2043"]
[BlackElo "2085"]

1.e4 e5 2.Nf3 Nc6 3.Bb5 Nf6 4.d3 d6 5.c3 Be7 6.O-O O-O 7.Re1 a6 8.Ba4 Re8
9.Nbd2 Bf8 10.Nf1 h6 11.Ng3 b5 12.Bb3 Na5 13.Bc2 c5 14.h3 g6 15.d4 exd4
16.cxd4 cxd4 17.Nxd4 Bb7 18.Bf4 Nc4 19.b3 Ne5 20.Qd2 Kh7 21.Rad1 Rc8 22.Bb1
Nfd7 23.Be3 Qh4 24.Rc1 Rxc1 25.Rxc1 Nc5 26.f4 Ned3 27.Bxd3 Nxd3 28.Rc7 Qxg3
29.Rxf7+ Kg8 30.Rxb7 Rxe4 31.Nf3 Nxf4 32.Bxf4 Rxf4 33.Qd5+ Kh8 34.Qc6 Rd4
35.Qc3 Bg7 36.Qc8+ Kh7 37.Rxg7+ Kxg7 38.Qc3 {#r} 1-0

[Event "16th Asian Continental w"]
[Site "Chengdu CHN"]
[Date "2017.05.16"]
[Round "5.24"]
[White "Owezdurdiyeva,J"]
[Black "Nie,X"]
[Result "0-1"]
[WhiteElo "2016"]
[BlackElo "2045"]

1.d4 Nf6 2.c4 e6 3.Nc3 d5 4.cxd5 exd5 5.Bg5 c6 6.e3 Bf5 7.f3 h6 8.Bh4 Be7
9.Bd3 Bxd3 10.Qxd3 Nbd7 11.Nge2 b5 12.O-O O-O 13.Rac1 Re8 14.Bf2 Bf8 15.Ng3
Qa5 16.e4 b4 17.Nce2 Qxa2 18.e5 Nh7 19.b3 c5 20.Ra1 c4 21.Qf5 Qxb3 22.Qxd7 c3
23.Nh5 c2 24.Nc1 Qb2 25.Qa4 Rec8 26.Nf4 Rab8 27.Ra2 Qb1 28.Nfd3 b3 29.Rb2 Rc4
30.Qxa7 Rcc8 31.Ne2 Qd1 32.Nec1 Qd2 33.Qa6 Qc3 34.Qa4 Qc4 35.Qxc4 dxc4 36.Nc5
Bxc5 37.dxc5 Ng5 38.Re1 Ne6 39.Kf1 Nxc5 40.Bxc5 Rxc5 41.f4 Rd5 42.f5 Rd1 43.g4
Rbd8 44.Ne2 R8d2 45.e6 fxe6 46.fxe6 Rxe1+ 47.Kxe1 Rxe2+ {#R} 0-1

[Event "16th Asian Continental w"]
[Site "Chengdu CHN"]
[Date "2017.05.17"]
[Round "6.2"]
[White "Hoang Thi Bao Tram"]
[Black "Vo Thi Kim Phung"]
[Result "0-1"]
[WhiteElo "2371"]
[BlackElo "2323"]

1.d4 Nf6 2.c4 g6 3.Nc3 Bg7 4.e4 d6 5.Nf3 O-O 6.Be2 e5 7.Be3 Nc6 8.d5 Ne7 9.Nd2
Ne8 10.c5 f5 11.f3 h6 12.Qc2 b6 13.c6 Nf6 14.O-O-O Nh5 15.g3 g5 16.Rdg1 a6
17.Qd1 Nf6 18.h4 g4 19.fxg4 fxg4 20.h5 b5 21.Rh4 Kh8 22.a3 Qe8 23.Kb1 Rb8
24.Qb3 Neg8 25.Rgh1 Nh7 26.Bxg4 Bf6 27.Bxc8 Qxc8 28.R4h2 Bg5 29.Nd1 Qg4
30.Bxg5 Nxg5 31.Ne3 Qc8 32.Qd3 a5 33.Rf1 a4 34.Nf5 b4 35.g4 bxa3 36.Qxa3 Qa6
37.Re1 Rb6 38.Ne3 Nf3 39.Rf2 Nxd2+ 40.Rxd2 Rb3 41.Qa2 Rfb8 42.Rc2 Qd3 43.Nc4
a3 44.Kc1 axb2+ 45.Kb1 Rc3 46.Qa4 Rbb3 47.Ne3 Ra3 48.Qb4 Rcb3 {#R} 0-1

[Event "16th Asian Continental w"]
[Site "Chengdu CHN"]
[Date "2017.05.17"]
[Round "6.3"]
[White "Tokhirjonova,Gulrukhbegim"]
[Black "Lei Tingjie"]
[Result "1-0"]
[WhiteElo "2299"]
[BlackElo "2482"]

1.e4 e6 2.d4 d5 3.e5 c5 4.c3 Nc6 5.Nf3 Qb6 6.a3 f6 7.b4 c4 8.Be3 Qc7 9.Be2
fxe5 10.Nxe5 Nxe5 11.dxe5 Qxe5 12.Bd4 Qf5 13.Bh5+ Kd8 14.O-O Nf6 15.Be2 Bd7
16.a4 Be7 17.f4 g5 18.Qc1 gxf4 19.Rxf4 Qg5 20.h4 Qh6 21.Qe3 Rf8 22.Nd2 Ne8
23.Raf1 Rxf4 24.Rxf4 Nd6 25.Qe5 Ne8 26.Qe3 Bxh4 27.Nf3 Be7 28.Ne5 Nd6 29.Bc5
Be8 30.Bxa7 Nc8 31.Bb6+ Nxb6 32.Qxb6+ Kc8 33.Bg4 Ra6 34.Qd4 Rxa4 35.Rf1 Kb8
36.Nf3 Bf6 37.Qc5 Bxc3 38.Qd6+ Ka7 39.Qc5+ Ka6 40.Rb1 Bb5 41.Qd6+ b6 42.Qb8
Bd4+ 43.Nxd4 Qg7 44.Nxe6 {#r} 1-0

[Event "16th Asian Continental w"]
[Site "Chengdu CHN"]
[Date "2017.05.17"]
[Round "6.6"]
[White "Soumya,Sw"]
[Black "Vaishali,R"]
[Result "0-1"]
[WhiteElo "2359"]
[BlackElo "2272"]

1.e4 e5 2.Nf3 Nc6 3.Bb5 g6 4.O-O Bg7 5.c3 a6 6.Ba4 d6 7.d4 Bd7 8.Re1 Nf6
9.Nbd2 O-O 10.h3 Re8 11.Bc2 Nh5 12.Nb3 h6 13.Be3 a5 14.a4 b6 15.Qd2 g5 16.Nh2
Nf4 17.Rad1 Qf6 18.Ng4 Qg6 19.dxe5 Nxe5 20.Nxe5 Bxe5 21.Nd4 Rad8 22.Nf5 Bc6
23.Bd4 Nxg2 24.Nxh6+ Qxh6 25.Kxg2 Qh4 26.Qe2 d5 27.Bxe5 Rxe5 28.c4 d4 29.f3
Bd7 30.Rh1 c5 31.Qf2 Qf4 32.Qg3 Kg7 33.b3 Rh8 34.Rh2 Kf6 35.Qxf4+ gxf4 36.h4
Reh5 37.Rdh1 Ke5 38.Kf2 Be6 39.Bd3 f6 40.Bc2 Bf7 41.Bd3 R5h6 42.Bf1 Rd8 43.Bd3
Rg8 44.Be2 Bh5 45.Rd1 Rhg6 46.Rd3 Rg1 47.Bf1 R8g3 48.Rg2 R3xg2+ 49.Bxg2 Rc1
50.Ke2 Rb1 51.Kf2 Rb2+ 52.Kg1 Re2 53.Bh3 Re3 54.Rxe3 fxe3 55.Bg4 Bxg4 56.fxg4
d3 57.Kf1 Kxe4 58.h5 Kf3 {#R} 0-1

[Event "16th Asian Continental w"]
[Site "Chengdu CHN"]
[Date "2017.05.17"]
[Round "6.7"]
[White "Khademalsharieh,S"]
[Black "Kiran,M"]
[Result "1-0"]
[WhiteElo "2450"]
[BlackElo "2160"]

1.d4 d5 2.c4 Nc6 3.Nc3 Nf6 4.Nf3 e6 5.Bg5 Be7 6.e3 a6 7.Rc1 h6 8.Bh4 O-O 9.Be2
dxc4 10.Bxc4 Nd5 11.Bxe7 Ncxe7 12.O-O b6 13.Ne5 Bb7 14.Qe2 f6 15.Nd3 Qd6
16.Ne4 Qd7 17.a3 Nf5 18.Ng3 Nd6 19.Ba2 f5 20.Ne5 Qd8 21.Nh5 Nf7 22.Ng6 Re8
23.Nhf4 Rc8 24.Nxd5 exd5 25.Qf3 Qf6 26.Nf4 c6 27.Bb1 Ng5 28.Qd1 Ne6 29.Nxe6
Rxe6 30.Qb3 b5 31.Qd3 g6 32.b4 a5 33.Qc3 a4 34.f3 Rd8 35.e4 dxe4 36.Ba2 exf3
37.Rce1 Bc8 38.Qxc6 Qxd4+ 39.Rf2 Kg7 40.Bxe6 {#r} 1-0

[Event "16th Asian Continental w"]
[Site "Chengdu CHN"]
[Date "2017.05.17"]
[Round "6.8"]
[White "Gomes,Mary"]
[Black "Mohota,N"]
[Result "1-0"]
[WhiteElo "2318"]
[BlackElo "2260"]

1.Nf3 d5 2.g3 g6 3.Bg2 Bg7 4.c4 dxc4 5.O-O e5 6.Qa4+ Nc6 7.Nxe5 Bxe5 8.Bxc6+
bxc6 9.Qxc6+ Qd7 10.Qxa8 Nf6 11.Na3 O-O 12.Nxc4 Bd4 13.Qf3 Qb5 14.e3 Qxc4
15.exd4 Qxd4 16.d3 Bf5 17.Bf4 Qd7 18.Rfe1 Bg4 19.Qe3 Nd5 20.Qe4 Bf5 21.Qe5 f6
22.Qd4 Kg7 23.Rac1 c6 24.b4 a6 25.a4 Qb7 26.Bd2 Rd8 27.g4 Bc8 28.g5 Rd6
29.gxf6+ Kf7 30.Re7+ Nxe7 31.Qxd6 Nf5 32.Qxc6 Qxc6 33.Rxc6 Be6 34.Bc3 Nh4
35.Rc7+ Kf8 36.b5 axb5 37.Bb4+ Kg8 38.Rg7+ Kh8 39.Re7 {#r} 1-0

[Event "16th Asian Continental w"]
[Site "Chengdu CHN"]
[Date "2017.05.17"]
[Round "6.9"]
[White "Xiao,Yiyi"]
[Black "Geldyeva,M"]
[Result "1-0"]
[WhiteElo "2287"]
[BlackElo "2169"]

1.d4 d5 2.c4 c6 3.Nc3 Nf6 4.e3 e6 5.Nf3 Nbd7 6.Bd3 Bd6 7.e4 dxe4 8.Nxe4 Nxe4
9.Bxe4 Nf6 10.Bc2 h6 11.O-O O-O 12.Qd3 Qc7 13.b3 Rd8 14.Bb2 b6 15.Rfe1 Bb7
16.Rad1 Kf8 17.h3 a5 18.Nh4 Be7 19.Re3 Ba6 20.Rg3 c5 21.Qe3 cxd4 22.Bxd4 Bc5
23.Nf3 Bb7 24.Qc3 Bxf3 25.Bxc5+ Qxc5 26.Qxf3 Rxd1+ 27.Qxd1 Qc7 28.Rd3 Ke7
29.a3 Rd8 30.Rxd8 Qxd8 31.Qxd8+ Kxd8 32.Kf1 Kc7 33.Ke2 Kd6 34.Kd2 Ke5 35.Ke3
Nh5 36.Bd1 Nf6 37.b4 axb4 38.axb4 Ne8 39.f4+ Kd6 40.Kd4 Nf6 41.g4 g5 42.c5+
bxc5+ 43.bxc5+ Ke7 44.fxg5 hxg5 45.Bf3 Ne8 46.Be4 Nc7 47.Kc4 Kf6 48.Kd4 Ke7
49.Bc6 f5 50.Bg2 Na6 51.Bf1 Nc7 52.Ke5 f4 53.h4 gxh4 54.Kxf4 Nd5+ 55.Ke5 Ne3
56.Bh3 Nc4+ 57.Kf4 Kf6 58.g5+ Kf7 59.Kg4 Ne5+ 60.Kxh4 Ng6+ 61.Kh5 Nf4+ 62.Kh6
Nxh3 63.g6+ Kg8 64.c6 {#r} 1-0

[Event "16th Asian Continental w"]
[Site "Chengdu CHN"]
[Date "2017.05.17"]
[Round "6.11"]
[White "Gong Qianyun"]
[Black "Zhang,Lanlin"]
[Result "0-1"]
[WhiteElo "2298"]
[BlackElo "2067"]

1.e4 e5 2.Nf3 Nc6 3.Bc4 Bc5 4.c3 d6 5.d4 exd4 6.cxd4 Bb4+ 7.Nc3 Bg4 8.O-O Bxf3
9.Qxf3 Qf6 10.Qd1 Qxd4 11.Qb3 O-O-O 12.Nb5 Qb6 13.a3 Bc5 14.Qh3+ Kb8 15.Nc3
Ne5 16.Nd5 Qc6 17.Ba2 Nf6 18.Bg5 Neg4 19.b4 Nxf2 20.Qh4 Bd4 21.Nxf6 Nxe4+
22.Kh1 Bxf6 23.Bxf6 Nxf6 24.Bxf7 d5 25.Rfe1 Rhf8 26.Rac1 Qd6 27.Be6 Ne4 28.Bh3
Qb6 29.Rxe4 dxe4 30.Qxe4 Qd4 31.Qc2 c6 32.Bf5 g6 33.Be4 Rf2 {#R} 0-1

[Event "16th Asian Continental w"]
[Site "Chengdu CHN"]
[Date "2017.05.17"]
[Round "6.12"]
[White "Pratyusha,B"]
[Black "Du,Yuxin"]
[Result "1-0"]
[WhiteElo "2269"]
[BlackElo "2046"]

1.d4 Nf6 2.c4 e6 3.Nc3 Bb4 4.Qc2 b6 5.e4 c5 6.d5 Qe7 7.Ne2 exd5 8.exd5 Qe4
9.Qd2 Bxc3 10.Qxc3 O-O 11.Bg5 Ng4 12.f3 Qe5 13.Qxe5 Nxe5 14.Nc3 Ba6 15.b3 f5
16.Kd2 Kf7 17.Bf4 d6 18.Bd3 g6 19.h4 Nbd7 20.h5 Rh8 21.a4 Nf6 22.hxg6+ hxg6
23.Rxh8 Rxh8 24.a5 b5 25.cxb5 Bb7 26.Bc4 Rh4 27.Bxe5 dxe5 28.Re1 Rd4+ 29.Kc2
Bxd5 30.Nxd5 Rxd5 31.Rxe5 {#r} 1-0

[Event "16th Asian Continental w"]
[Site "Chengdu CHN"]
[Date "2017.05.17"]
[Round "6.13"]
[White "Nandhidhaa,P"]
[Black "Mendoza,Shania Mae"]
[Result "1-0"]
[WhiteElo "2252"]
[BlackElo "2019"]

1.e4 e5 2.Nf3 Nf6 3.Nc3 Nc6 4.Bb5 Bb4 5.O-O O-O 6.d3 d6 7.Bg5 Bxc3 8.bxc3 Qe7
9.Nd2 h6 10.Bh4 Nd8 11.Re1 Ne6 12.Nf1 c6 13.Bc4 Nf4 14.Ne3 g5 15.Bg3 Kh8
16.Rb1 Rg8 17.f3 h5 18.d4 h4 19.Bf2 b6 20.h3 N6h5 21.Qd2 Qf6 22.Red1 Bxh3
23.gxh3 Nxh3+ 24.Kg2 N3f4+ 25.Kh2 Rad8 26.Ng4 Qe7 27.Be3 Kh7 28.Qf2 Rge8
29.Bf1 f6 30.a4 Rd7 31.d5 cxd5 32.Bb5 dxe4 33.fxe4 Rc8 34.Bxf4 exf4 35.Bxd7
Qxd7 36.Qf3 Rxc3 37.Qxc3 Qxg4 38.Qh3 Qg3+ 39.Qxg3 fxg3+ 40.Kh3 {#r} 1-0

[Event "16th Asian Continental w"]
[Site "Chengdu CHN"]
[Date "2017.05.17"]
[Round "6.14"]
[White "Xu,Yuze"]
[Black "Frayna,Janelle Mae"]
[Result "1-0"]
[WhiteElo "2040"]
[BlackElo "2287"]

1.e4 e5 2.Nf3 Nc6 3.Bc4 Bc5 4.O-O Nf6 5.d4 Bxd4 6.Nxd4 Nxd4 7.f4 d6 8.fxe5
dxe5 9.Bg5 Qe7 10.Na3 Rg8 11.Qd3 Bd7 12.Qg3 O-O-O 13.c3 Nc6 14.Qf2 h6 15.Bxf6
gxf6 16.Qxf6 Bh3 17.Qxe7 Nxe7 18.Rf2 Rg7 19.Bxf7 c6 20.Nc4 Kc7 21.Nxe5 Rf8
22.g3 Nc8 23.Bb3 Re8 24.Rf7+ Rxf7 25.Nxf7 Rxe4 26.Kf2 Re8 27.Nxh6 Nd6 28.Re1
Rf8+ 29.Kg1 Ne4 30.Nf7 Nc5 31.Ng5 Nd3 32.Rd1 Nf2 33.Rb1 Bc8 34.Rf1 Rf5 35.Ne6+
Bxe6 36.Rxf2 Re5 37.Bxe6 Rxe6 38.h4 b5 39.Rd2 a5 40.a3 c5 41.Kg2 Kc6 42.Kf3 c4
43.h5 Kc5 44.Rh2 {#r} 1-0

[Event "16th Asian Continental w"]
[Site "Chengdu CHN"]
[Date "2017.05.17"]
[Round "6.17"]
[White "Chu,Ruotong"]
[Black "Hu,Yu A."]
[Result "1-0"]
[WhiteElo "2251"]
[BlackElo "2043"]

1.d4 Nf6 2.c4 c5 3.d5 e6 4.Nc3 exd5 5.cxd5 d6 6.Nf3 g6 7.Bf4 a6 8.a4 Bg7 9.h3
O-O 10.e3 Qe7 11.Be2 Nbd7 12.O-O Ne8 13.Re1 Rb8 14.e4 Ne5 15.Qd2 Nxf3+ 16.Bxf3
b5 17.axb5 axb5 18.Qe2 b4 19.Nd1 Qf6 20.Bg3 Bd7 21.Qc2 Qd4 22.Re2 c4 23.e5
dxe5 24.Re4 Qxd5 25.Rxe5 Qd3 26.Qxd3 cxd3 27.Rd5 Rd8 28.Rxd3 Bf6 29.Ra7 Be6
30.Rxd8 Bxd8 31.Rb7 b3 32.Nc3 Bf6 33.Bd1 Bxc3 34.bxc3 Nf6 35.Bxb3 Nd5 36.c4
Nc3 37.Bd6 Rc8 38.c5 Bxb3 39.Rxb3 Ne4 40.Be5 f6 41.Bd4 Kf7 42.f3 Ng5 43.Rb7+
Ke6 44.Rb6+ Kd5 45.Bxf6 Nf7 46.Rb7 Ke6 47.Bd4 g5 48.Kf2 h6 49.Rb6+ Kd5 50.Be3
Re8 51.Rb2 Ne5 52.Rd2+ Kc4 53.Rd4+ Kc3 54.Re4 Nd3+ 55.Kg3 Rc8 56.Re6 {#r} 1-0

[Event "16th Asian Continental w"]
[Site "Chengdu CHN"]
[Date "2017.05.17"]
[Round "6.18"]
[White "Li Xueyi"]
[Black "Mukhit,Aisezym"]
[Result "1-0"]
[WhiteElo "2161"]
[BlackElo "2034"]

1.d4 Nf6 2.c4 c5 3.d5 b5 4.cxb5 a6 5.bxa6 g6 6.Nc3 Bg7 7.e4 O-O 8.Bd3 e6
9.Nge2 Nxa6 10.O-O exd5 11.exd5 Nb4 12.Bf4 Qb6 13.Bc4 d6 14.a3 Na6 15.Qd2 Re8
16.Ng3 Nc7 17.Rae1 Ba6 18.Bxa6 Rxa6 19.Bh6 Bxh6 20.Qxh6 Re5 21.Qd2 Re8 22.Qg5
Nd7 23.Rxe8+ Nxe8 24.Qe7 Ndf6 25.Nge4 Kg7 26.Ng5 Qxb2 27.Qxf7+ Kh6 28.Nge4
Nxe4 29.Nxe4 Qe5 30.Qf8+ Ng7 31.Nf6 Qd4 32.Ng8+ Kg5 33.Qe7+ Kh5 34.Qe2+ Kg5
35.Qxa6 {#r} 1-0

[Event "16th Asian Continental w"]
[Site "Chengdu CHN"]
[Date "2017.05.17"]
[Round "6.22"]
[White "Shamima,A"]
[Black "Tan,Li Ting"]
[Result "0-1"]
[WhiteElo "2109"]
[BlackElo "2091"]

1.e4 e5 2.Bc4 Nc6 3.c3 Nf6 4.d3 Bc5 5.Nf3 O-O 6.O-O a6 7.d4 Ba7 8.Re1 d6 9.h3
h6 10.Bb3 Re8 11.Bc2 exd4 12.Nxd4 Nxd4 13.cxd4 c5 14.d5 b5 15.Nd2 Nd7 16.Nf1
Qh4 17.Be3 Ne5 18.f4 Nc4 19.Bc1 f5 20.b3 Nb6 21.e5 dxe5 22.Rxe5 Rxe5 23.fxe5
Qd4+ 24.Qxd4 cxd4 25.d6 Nd5 26.Kh1 Nb4 27.Bd1 Bd7 28.Bf3 Re8 29.Bd2 Nd3
30.Bd5+ Kf8 31.e6 Bxe6 32.Bb7 Rb8 33.Bf3 Rd8 34.Be2 Nf2+ 35.Kh2 Ne4 36.Bb4 Bb8
37.a4 bxa4 38.Rxa4 Bxd6+ 39.Bxd6+ Rxd6 40.Bxa6 d3 41.Ra1 d2 42.Be2 Bxb3 43.Bd1
Bxd1 44.Rxd1 f4 45.Kg1 Kf7 46.Kh2 Rc6 47.Nxd2 Rd6 48.Nxe4 Rxd1 49.h4 Rd4
50.Nf2 Rd2 51.Ne4 Re2 52.Nc3 Rc2 53.Nd1 f3 54.Ne3 Re2 {#R} 0-1

[Event "16th Asian Continental w"]
[Site "Chengdu CHN"]
[Date "2017.05.17"]
[Round "6.23"]
[White "Liu Shilan"]
[Black "Anu,B"]
[Result "1-0"]
[WhiteElo "2234"]
[BlackElo "2067"]

1.e4 d5 2.exd5 Qxd5 3.Nc3 Qd6 4.d4 Nf6 5.Nf3 a6 6.g3 Bg4 7.h3 Bh5 8.Bg2 Nc6
9.O-O O-O-O 10.Be3 e5 11.dxe5 Nxe5 12.g4 Bg6 13.Nxe5 Qxe5 14.Qf3 Bd6 15.Qxb7+
Kd7 16.Rfe1 Qh2+ 17.Kf1 Rc8 18.Rad1 Ne8 19.Rd2 f5 20.Bg5 Nf6 21.Bxf6 gxf6
22.Rxd6+ Qxd6 23.Rd1 fxg4 24.Rxd6+ Kxd6 25.Qc6+ Ke7 26.Nd5+ Kd8 27.Nxf6 Ke7
28.Nd5+ Kd8 29.Qf6+ Kd7 30.Qe7+ Kc6 31.Nxc7+ Kb6 32.Qd6+ Ka5 33.Qxa6+ Kb4
34.Qb5# 1-0

[Event "16th Asian Continental w"]
[Site "Chengdu CHN"]
[Date "2017.05.18"]
[Round "7.1"]
[White "Vaishali,R"]
[Black "Pham Le Thao Nguyen"]
[Result "1-0"]
[WhiteElo "2272"]
[BlackElo "2331"]

1.e4 e5 2.Nf3 Nc6 3.Nc3 Nf6 4.Bb5 Bd6 5.d3 a6 6.Bc4 h6 7.a3 Bc5 8.O-O d6 9.Be3
O-O 10.h3 Re8 11.Qd2 Be6 12.Bxe6 Rxe6 13.Nd5 Nd7 14.b4 Ba7 15.c3 Ne7 16.Bxa7
Rxa7 17.d4 Nxd5 18.exd5 Re8 19.dxe5 dxe5 20.Rfe1 Ra8 21.Qc2 Qf6 22.Re3 Re7
23.Rae1 Rae8 24.c4 Nf8 25.Qe4 Qg6 26.Nh4 Qxe4 27.Rxe4 g6 28.f4 Nd7 29.Nf3 f6
30.fxe5 Nxe5 31.Nxe5 fxe5 32.R1e3 Kg7 33.Kf2 Kf6 34.Rf3+ Kg7 35.h4 Rd8 36.Rd3
h5 37.g4 hxg4 38.Rxg4 Rf7+ 39.Rf3 Rxf3+ 40.Kxf3 Kf6 41.Ke4 b6 42.c5 a5 43.c6
axb4 44.axb4 b5 45.Rg3 Rh8 46.Rf3+ Ke7 47.Kxe5 Rxh4 48.Re3 Rxb4 49.d6+ cxd6+
50.Kd5+ Kd8 51.Kxd6 Rd4+ 52.Kc5 Rc4+ 53.Kb6 b4 54.Kb7 g5 55.Rg3 Ke7 56.Rxg5 b3
57.Rb5 Rc3 58.c7 Kd7 59.Rd5+ Ke6 60.Rd2 {#r} 1-0